Statistics for Star Wars Ships

Click here to take the quiz!

General Stats

  • This quiz has been taken 626 times
  • The average score is 8 of 14

Answer Stats

HintAnswer% Correct
Made the kessel run in 12 parsecsMillennium Falcon
97%
Used by the Rebels to destroy the first Death StarX-Wing
97%
Rebel BomberY-Wing
90%
Rotating cockpit, used by the fettsSlave I
78%
Empire's cruiser of choiceStar Destroyer
77%
Twin Ion EngineTie Fighter
74%
Rotating Cockpit, Long singular wingB-Wing
72%
Used by the Rebels on HothSnowspeeder
72%
Ship that Anakin uses to destroy the Droid Control ShipNaboo Starfighter
42%
Used by Anakin to reach Palpatine when kidnappedJedi Starfighter
40%
Clone trooper's star fighter of choiceArc-170
32%
Largest ship of the RebellionMon Calamari
30%
Ships that Yoda and the Clones first come inRepublic Gunship
26%
Ship that Leia is kidnapped fromTantitive IV
4%

Score Distribution

Percentile by Number Answered

Percent of People with Each Score

Your Score History

You have not taken this quiz